000 00416nam a2200169Ia 4500
008 090711s9999 xx 000 0 und d
082 _b53848
100 _aसामंत माया
245 _aबाधा
260 _c1986
300 _a139
600 _aसामंत माया
630 _aबाधा
700 _aसामंत माया
730 _aबाधा
942 _cBOOK
999 _c302247
_d302247